000 00770nam a2200265Ia 4500
003 OSt
005 20220925212600.0
006 a|||||r|||| 00| 0
007 ta
008 220923b |||||||| |||| 00| 0 eng d
020 _a004312086
037 _cGeneral Book
040 _aRTL
_cRTL
_beng
041 _2eng
_aeng
082 _aX:3M24xM18:g(Y), M6
100 _aLarrain Jorge
_979332
245 0 _aReconstruction of historical meterialism
260 _aLondon
_bAllen and Unwin
_c1986
300 _axiii, 138p
_ccm.
490 _aControversies in Sociology.19
500 _aBibliography p 127-33
650 _aEconomics Classics Karl Marx
942 _hX:3M24xM18:g(Y), M6
_cGB
_2CC
999 _c560694
_d560694